000 00871cam a22001935a 4500
001 L158029
008 140128s2014 xxk f 000 0 eng d
035 _a(Sirsi) u158029
041 0 _aeng
100 1 _aMcDonald, Oonagh
245 0 0 _aBalancing risk and reward
_brecommendations for a sustainable valuation profession in the UK
_h[electronic resource]
260 _aLondon
_bRICS
_c2014
520 _aOutlines the recommendations of the independent property valuation inquiry commissioned by RICS in 2013 to look at the future of property valuation in the UK.
590 _aKA
651 4 _aUnited Kingdom
690 _aValuation
_96273
856 4 0 _uhttps://web.archive.org/web/20220307230754/http://www.oonaghmcdonald.com/uploads/3/9/0/8/39086241/rics-balancing-risk-reward-sustainable-valuation-report.pdf
_zAvailable on internet archive here
942 _n0
_2ddc
999 _c115085
_d115085